[Event "Tourn. n8186"]
[Site "www.chess-mail.com"]
[Date "2015.07.20"]
[Round "1"]
[White "Falcoale"]
[Black "Genius7"]
[WhiteElo "1830"]
[BlackElo "1800"]
[Result "1-0"]
[Round "1"]
1.e4 c5
2.Nb1c3 a6
3.Ng1f3 Nb8c6
4.d4 cxd4
5.Nf3xd4 e6
6.Nd4f3 Bf8b4
7.Bc1d2 Ng8e7
8.a3 Bb4xc3
9.Bd2xc3 O-O
10.Bf1d3 d5
11.O-O b5
12.exd5 { time. }
1-0

[Event "Tourn. n8158"]
[Site "www.chess-mail.com"]
[Date "2015.07.20"]
[Round "1"]
[White "Duff"]
[Black "Anja"]
[WhiteElo "1850"]
[BlackElo "1670"]
[Result "0-1"]
[Round "1"]
1.e4 Ng8f6
2.e5 Nf6d5
3.d4 d6
4.Ng1f3 Bc8g4
5.Bf1e2 Nb8c6
6.c4 Nd5b6
7.Nb1c3 dxe5
8.d5 Bg4xf3
9.Be2xf3 Nc6d4
10.c5 Nb6c4
11.O-O Nd4xf3
12.Qd1xf3 g6
13.b3 Nc4a5
14.Bc1b2 c6
15.Ra1d1 Qd8c7
16.Rf1e1 Bf8g7
17.Qf3e2 cxd5
18.Rd1xd5 O-O
19.b4 Na5c6
20.Re1d1 Ra8d8
21.Nc3e4 Nc6d4
22.Rd5xd8 Rf8xd8
23.Bb2xd4 exd4
24.Rd1d3 Qc7f4
25.g3 Qf4e5
26.Qe2f3 f5
27.Ne4g5 Qe5e1
28.Kg2 e5
29.Ng5e6 Rd8d7
30.Ne6xg7 e4
31.Qf3d1 Qe1xd1
32.Rd3xd1 Kxg7
33.Kf1 Kf6
34.Ke2 Ke5
 { time }
0-1

[Event "Tourn. n8222"]
[Site "www.chess-mail.com"]
[Date "2015.07.20"]
[Round "1"]
[White "Cyrilgeorge"]
[Black "Drharislacan"]
[WhiteElo "1760"]
[BlackElo "1699"]
[Result "1-0"]
[Round "1"]
1.e4 c5
2.d3 Nb8c6
3.c3 Ng8f6
4.Bc1e3 d5
5.Nb1d2 d4
6.cxd4 cxd4
7.Be3f4 Bc8g4
8.f3 Bg4d7
9.Nd2c4 Nc6a5
10.Nc4xa5 a6
11.Na5xb7 Qd8a5
12.Nb7xa5 e6
13.Bf4d2 Bd7a4
14.Qd1xa4 Nf6d7
15.Qa4xd4 Nd7c5
16.b4 Nc5d7
17.Ra1c1 e5
18.Qd4d5  { time }
1-0

[Event "Tourn. n8101"]
[Site "www.chess-mail.com"]
[Date "2015.07.20"]
[Round "1"]
[White "Shoemaker136"]
[Black "Iko"]
[WhiteElo "999"]
[BlackElo "1490"]
[Result "0-1"]
[Round "1"]
1.f3 e5
2.d4 Nb8c6
3.d5 Nc6b4
4.Nb1c3 Ng8f6
5.e4 c5
6.a3 Nb4a6
7.d6 Qd8b6
8.g4 h5
9.g5 Nf6h7
10.Nc3d5 Qb6d8
11.h4 Bf8xd6
12.Bf1h3 f6
13.gxf6 gxf6
14.f4 exf4
15.Ng1f3 Qd8a5
16.b4 Na6xb4
17.O-O Nb4xd5
18.exd5 Qa5c3
 { time }
0-1

[Event "Tourn. n8109"]
[Site "www.chess-mail.com"]
[Date "2015.07.20"]
[Round "1"]
[White "Oxycontin"]
[Black "Jjmcbride"]
[WhiteElo "2060"]
[BlackElo "1810"]
[Result "0-1"]
[Round "1"]
1.e4 d5
2.exd5 Qd8xd5
3.Ng1f3 e5
4.Qd1e2 f6
5.c4 Qd5c6
6.Nb1c3 Ng8e7
7.b3 Ne7g6
8.Bc1b2 Bc8f5
9.Nf3d4 Qc6d7
10.Nd4xf5 Qd7xf5
11.Nc3d5 Qf5d7
12.Ra1d1 c6
13.Nd5c3 Qd7e6
14.d4 Nb8d7
15.d5 Qe6d6
16.Nc3e4 Qd6c7
17.dxc6 Qc7xc6
18.Qe2d3 O-O-O
19.Ne4d6 Kb8
20.Nd6f7 Bf8b4
21.Bb2c3 Bb4xc3
22.Qd3xc3 Qc6e4
23.Qc3e3 Qe4g4
24.Nf7xh8 Ng6xh8
25.g3 Nh8f7
26.Bf1g2 h5
27.Qe3f3 e4
28.Qf3xg4 hxg4
29.Bg2xe4 Nf7e5
30.Be4f5 Ne5f3
31.Ke2 Rd8e8
32.Kf1 Nd7c5
33.Bf5xg4 Nf3e5
34.Bg4h3 Re8h8
35.Bh3g2 Rh8e8
36.f4 Ne5g4
37.Rd1e1 Ng4e3
38.Re1xe3 Re8xe3
39.Kf2 Re3d3
40.Rh1e1 Rd3d2
41.Re1e2 Rd2d1
42.Re2e8 Kc7
43.Re8e7 Rd1d7
 { time }
0-1

[Event "Tourn. n8158"]
[Site "www.chess-mail.com"]
[Date "2015.07.20"]
[Round "1"]
[White "Oliverio"]
[Black "Generalfree"]
[WhiteElo "1610"]
[BlackElo "1770"]
[Result "1-0"]
[Round "1"]
1.d4 e6
2.Ng1f3 c6
3.e4 a6
4.c4 Bf8b4
5.Bc1d2 Bb4xd2
6.Qd1xd2 h6
7.Nb1c3 b6
8.Bf1d3 g5
9.d5 g4
10.Nf3e5 h5
11.h3 cxd5
12.exd5 Qd8c7
13.d6 Qc7c5
14.Qd2f4 f6
15.Ne5g6 e5
16.Qf4d2 Rh8h7
17.Nc3e4 Qc5d4
18.hxg4 Nb8c6
19.gxh5 f5
20.Ne4g5 Rh7g7
21.Bd3xf5 Qd4xc4
22.h6 { resign }
1-0

[Event "Tourn. n7900"]
[Site "www.chess-mail.com"]
[Date "2015.07.20"]
[Round "1"]
[White "Pgcbies"]
[Black "Danquigley"]
[WhiteElo "2740"]
[BlackElo "2600"]
[Result "1-0"]
[Round "1"]
1.e4 c5
2.Ng1f3 d6
3.d4 cxd4
4.Nf3xd4 Ng8f6
5.Nb1c3 a6
6.Bc1g5 Nb8d7
7.Bf1c4 Qd8b6
8.Bc4b3 Nd7c5
9.Bg5xf6 gxf6
10.O-O e6
11.a4 Nc5xb3
12.Nd4xb3 Bc8d7
13.Qd1h5 Rh8g8
14.Qh5xh7 Rg8g6
15.Qh7h5 Qb6c7
16.g3 Rg6h6
17.Qh5e2 O-O-O
18.Rf1d1 Kb8
19.h4 Rh6g6
20.Rd1d4 Rd8c8
21.Qe2d3 Bf8e7
22.Ra1d1 Rg6h6
23.Rd4b4 Ka8
24.Qd3e2 Rh6g6
25.Rb4d4 Rc8g8
26.Kf1 Qc7b8
27.Ke1 Be7f8
28.a5 d5
29.exd5 e5
30.Rd4c4 f5
31.h5 Rg6f6
32.d6 Rf6xd6
33.Nc3d5 Rd6xd5
34.Rd1xd5 Bd7e6
35.Qe2d2 Bf8h6
36.Qd2xh6 Be6xd5
37.Rc4c3 Rg8h8
38.Qh6g5 f4
39.gxf4 Rh8e8
40.f5 Bd5xb3
41.Rc3xb3 Qb8c7
42.Rb3c3 Qc7xa5
43.h6 Qa5a1
44.Kd2 Qa1f1
45.Qg5h4 Re8h8
46.b3 Ka7
47.Rc3h3 Rh8h7
48.f6 e4
49.Rh3h1 Qf1g2
50.Rh1h2 Qg2g1
51.Qh4g3 Qg1a1
52.Qg3e3 Ka8
53.Qe3xe4 Rh7h8
54.Ke2 Qa1xf6
55.h7 Qf6g7
56.Rh2h3 f6
57.Qe4f5 Qg7c7
58.c4 Ka7
59.Rh3h4 Qc7d6
60.Qf5d3 Qd6c7
61.Qd3e3 Ka8
62.Qe3e6 Qc7g7
63.Qe6f5 Ka7
64.Kf3 Qg7e7
65.Qf5d3 Qe7g7
66.b4 f5
67.Qd3e3 Ka8
68.Qe3h6 Qg7c3
69.Kg2  { time }
1-0

[Event "Tourn. n8148"]
[Site "www.chess-mail.com"]
[Date "2015.07.20"]
[Round "1"]
[White "Powerchess"]
[Black "Passaroa25"]
[WhiteElo "1430"]
[BlackElo "1540"]
[Result "0-1"]
[Round "1"]
1.c4 e5
2.Nb1c3 c6
3.e3 d6
4.d4 Nb8d7
5.Bf1e2 Nd7b6
6.dxe5 dxe5
7.Qd1xd8 Kxd8
8.b3 Bc8d7
9.Bc1b2 Ng8e7
10.Ng1f3 f6
11.O-O-O Ne7c8
12.h3 Nc8e7
13.Nc3e4 Ne7g6
14.g3 h6
15.Rd1d2 Bf8e7
16.Rh1d1 Ng6f8
17.Ne4d6 Be7xd6
18.Rd2xd6 Kc7
19.e4 Ra8d8
20.c5 Nb6c8
21.Nf3xe5 Nc8xd6
22.cxd6 Kb8
23.Ne5f7 Nf8e6
24.Nf7xh8 Rd8xh8
25.f4 Rh8d8
26.Be2c4 Ne6c5
27.Rd1e1 f5
28.e5 Nc5e4
{ resign }
0-1

[Event "Tourn. n8230"]
[Site "www.chess-mail.com"]
[Date "2015.07.20"]
[Round "1"]
[White "Swampcat"]
[Black "Falcoale"]
[WhiteElo "1620"]
[BlackElo "1810"]
[Result "0-1"]
[Round "1"]
1.e4 c5
2.Ng1f3 e6
3.d4 cxd4
4.Nf3xd4 a6
5.Nb1c3 Nb8c6
6.Bc1e3 Bf8b4
7.Qd1d3 Nc6e5
8.Qd3d2 Ng8f6
9.Bf1d3 Ne5xd3
 { time }
0-1

[Event "Tourn. n8230"]
[Site "www.chess-mail.com"]
[Date "2015.07.20"]
[Round "1"]
[White "Anja"]
[Black "Swampcat"]
[WhiteElo "1710"]
[BlackElo "1620"]
[Result "1-0"]
[Round "1"]
1.d4 d5
2.Ng1f3 c5
3.Bc1f4 Ng8f6
4.e3 Nb8c6
5.Nb1c3 Bc8g4
6.Bf1e2 e6
7.O-O Bf8d6
8.Bf4e5 Qd8b8
9.Be5xf6 gxf6
10.h3  { time }
1-0

[Event "Tourn. n8234"]
[Site "www.chess-mail.com"]
[Date "2015.07.20"]
[Round "1"]
[White "Imkrebsgang"]
[Black "Fred"]
[WhiteElo "1930"]
[BlackElo "1970"]
[Result "1/2-1/2"]
[Round "1"]
1.Ng1f3 Ng8f6
2.d4 e6
3.Bc1g5 Bf8e7
4.e3 h6
5.Bg5xf6 Be7xf6
6.Nf3e5 d6
7.Ne5g4 Nb8c6
8.Qd1d2 O-O
9.Bf1b5 Bc8d7
10.Nb1c3 Qd8e7
11.O-O Ra8d8
12.d5 Nc6e5
13.Ng4xf6 Qe7xf6
14.Bb5xd7 Rd8xd7
15.Nc3e4 Qf6g6
16.f3 Ne5c4
17.Qd2d4 exd5
18.b3 Nc4xe3
19.Qd4xe3 dxe4
20.fxe4 Rd7e7
21.Qe3xa7 c5
22.Ra1e1 Re7xe4
23.Qa7xb7 Re4xe1
24.Rf1xe1 Qg6xc2
25.Qb7a6 Qc2d2
26.Qa6e2 Qd2d4
27.Qe2f2 Qd4d5
28.Qf2b2 Rf8b8
29.Qb2e2 Kh7
30.Re1d1 Qd5c6
31.Qe2e7 d5
32.Qe7xf7 d4
33.Qf7f5 g6
34.Qf5f7 Kh8
35.Qf7f4 Rb8e8
36.Qf4xh6 Kg8
37.Qh6c1 Re8e2
38.Qc1g5 Re2xa2
39.Qg5d8 Kg7
40.Qd8e7 Kh6
41.Qe7h4 Kg7
42.Qh4e7 Kg8
43.Qe7d8 Kh7
{ draw }
1/2-1/2

[Event "Tourn. n8268"]
[Site "www.chess-mail.com"]
[Date "2015.07.20"]
[Round "1"]
[White "Zazi"]
[Black "Nugun"]
[WhiteElo "1630"]
[BlackElo "1650"]
[Result "1/2-1/2"]
[Round "1"]
1.e4 c6
2.d4 d5
3.Bf1d3 Ng8f6
4.f3 Nb8d7
5.g4 e5
6.Bc1e3 Nd7b6
7.Ng1e2 dxe4
8.fxe4 Nf6xg4
9.Qd1d2 exd4
10.Be3xd4 c5
11.Bd4c3 c4
12.Qd2f4 cxd3
13.cxd3 Qd8xd3
14.Nb1d2 Nb6c4
15.Nd2xc4 Qd3xc4
16.Ra1d1 Bf8c5
17.Bc3xg7 Bc5f2
18.Kf1 Rh8g8
19.Rd1c1 Qc4xa2
20.Rc1xc8 Ra8xc8
21.Qf4xg4 Qa2b1
22.Kg2 Qb1xb2
23.Bg7xb2 Rg8xg4
24.Kxf2 Rc8c2
25.Bb2d4 Rg4xe4
26.Bd4e3 f5
27.Kf3 a5
28.Rh1b1 Rc2xe2
29.Kxe2 f4
30.Kf3 Re4xe3
31.Kxf4 Re3e7
32.Kf5 Re7g7
33.h4 h5
34.Rb1c1 Ke7
35.Rc1c7 Kf8
36.Rc7c8 Kf7
37.Rc8b8 Rg7g4
38.Rb8xb7 Ke8
39.Ke6 Kd8
40.Kd6 Rg4b4
41.Rb7h7 Rb4d4
42.Ke6 Rd4xh4
43.Kd6 Ke8
44.Ke6 Kf8
45.Kf6 Rh4f4
46.Kg6 h4
47.Kg5 Rf4e4
48.Kf6 { draw }
1/2-1/2

[Event "Tourn. n8221"]
[Site "www.chess-mail.com"]
[Date "2015.07.20"]
[Round "1"]
[White "Biagio"]
[Black "Francesco"]
[WhiteElo "2010"]
[BlackElo "2080"]
[Result "1-0"]
[Round "1"]
1.e4 c6
2.d4 d5
3.exd5 cxd5
4.c4 Nb8c6
5.Nb1c3 dxc4
6.d5 Nc6e5
7.Bc1f4 Ne5g6
8.Bf4g3 Ng8f6
9.Bf1xc4 a6
10.a4 Qd8b6
11.Ng1e2 e6
12.dxe6 Bc8xe6
13.Bc4xe6 Qb6xe6
14.O-O Bf8c5
15.Ne2f4 Qe6f5
16.Rf1e1 Ng6e7
17.Nf4d5 Nf6xd5
18.Nc3xd5 Qf5d7
19.Nd5xe7 Bc5xe7
20.Qd1xd7 Kxd7
21.Ra1d1 Ke8
22.Bg3d6 { resign }
1-0

[Event "Tourn. n8173"]
[Site "www.chess-mail.com"]
[Date "2015.07.20"]
[Round "1"]
[White "4knights"]
[Black "Osopanda"]
[WhiteElo "1850"]
[BlackElo "1990"]
[Result "0-1"]
[Round "1"]
1.d4 d5
2.c4 e6
3.Nb1c3 Ng8f6
4.Ng1f3 c6
5.e3 Bf8e7
6.Bf1d3 Nb8d7
7.O-O O-O
8.cxd5 exd5
9.Rf1e1 Rf8e8
10.Qd1c2 Nd7f8
11.Bc1d2 Be7d6
12.h3 h6
13.a3 b5
14.e4 dxe4
15.Nc3xe4 Nf6xe4
16.Bd3xe4 Bc8b7
17.Bd2c3 Nf8e6
18.Be4h7 Kh8
19.Bh7f5 c5
20.dxc5 Ne6xc5
21.Re1xe8 Qd8xe8
22.Ra1e1 Qe8c6
23.Bc3d4 Ra8d8
24.b4 Nc5e6
25.Qc2xc6 Bb7xc6
26.Bf5xe6 fxe6
27.Re1xe6 Bc6xf3
28.gxf3 Bd6xb4
29.axb4 Rd8xd4
30.Re6e8 Kh7
31.Re8e4 Rd4d5
32.f4 Kg6
{ time. }
0-1

[Event "Tourn. n8200"]
[Site "www.chess-mail.com"]
[Date "2015.07.20"]
[Round "1"]
[White "Anja"]
[Black "Flick"]
[WhiteElo "1680"]
[BlackElo "1600"]
[Result "0-1"]
[Round "1"]
1.d4 Ng8f6
2.Ng1f3 e6
3.Bc1f4 Nb8c6
4.c4 d6
5.Nb1c3 d5
6.e3 g6
7.Bf1d3 Bf8b4
8.O-O O-O
9.Bf4g5 Rf8e8
10.cxd5 Bb4xc3
11.bxc3 exd5
12.Rf1e1 Qd8d6
13.c4 b6
14.Bg5xf6 Qd6xf6
15.cxd5 Nc6e7
16.Qd1b3 c6
17.dxc6 Ne7xc6
18.Bd3b5 Nc6a5
19.Qb3d3 Re8d8
20.Qd3e4 Bc8b7
21.Qe4g4 Rd8d5
22.Bb5d3 Rd5h5
23.Ra1c1 Qf6d6
 { time }
0-1

[Event "Tourn. n7980"]
[Site "www.chess-mail.com"]
[Date "2015.07.20"]
[Round "1"]
[White "Blackpool"]
[Black "Falcoale"]
[WhiteElo "1840"]
[BlackElo "1860"]
[Result "0-1"]
[Round "1"]
1.e4 c5
2.Ng1f3 Nb8c6
3.Bf1b5 Qd8c7
4.Nb1c3 e6
5.O-O a6
6.Bb5xc6 Qc7xc6
7.d4 Ng8f6
8.d5 exd5
9.exd5 Qc6c7
10.Rf1e1 Kd8
11.Nf3e5 d6
12.Ne5f3 b6
13.Bc1g5 Bf8e7
14.Qd1d3 h6
15.Bg5xf6 Be7xf6
16.Ra1b1 g6
17.Nc3e4 Bc8f5
18.Qd3d2 Bf6g7
19.Ne4g3 Bf5d7
20.c4 Kc8
21.b4 f5
22.bxc5 bxc5
23.Rb1b3 a5
24.h3 a4
25.Rb3b2 Bg7xb2
26.Qd2xb2 Rh8g8
27.Qb2f6 Ra8a6
28.Qf6f7 Rg8d8
29.Qf7xg6 Qc7b6
30.Ng3xf5 Bd7xf5
31.Qg6xf5 Kb7
32.Re1e7 Kb8
33.Re7e1 Ka8
34.Qf5f6 Ra6a7
35.Qf6xh6 Qb6b2
36.Qh6g5 Ra7d7
37.Re1e7 Rd7xe7
38.Qg5xe7 Qb2b8
39.g4 Rd8f8
40.Kg2 Rf8e8
41.Qe7d7 Re8d8
42.Qd7xa4 Qb8a7
43.Qa4xa7 Kxa7
44.g5 Ka6
45.h4 { time. }
0-1

[Event "Tourn. n8155"]
[Site "www.chess-mail.com"]
[Date "2015.07.20"]
[Round "1"]
[White "Pgcbies"]
[Black "Asoka"]
[WhiteElo "2770"]
[BlackElo "2620"]
[Result "1-0"]
[Round "1"]
1.e4 e5
2.Ng1f3 Nb8c6
3.Bf1b5 a6
4.Bb5a4 Ng8f6
5.O-O Bf8e7
6.Rf1e1 b5
7.Ba4b3 d6
8.c3 O-O
9.h3 Nc6a5
10.Bb3c2 c5
11.d4 Nf6d7
12.d5 Nd7b6
13.Nb1d2 Bc8b7
14.Nd2f1 f5
15.exf5 Nb6xd5
16.Bc2e4 Nd5b6
17.Be4xb7 Na5xb7
18.Nf1g3 Nb7a5
19.h4 Na5c6
20.Nf3g5 Be7xg5
21.hxg5 d5
22.Qd1h5 Ra8c8
23.g6 h6
24.Bc1xh6 gxh6
25.Qh5xh6 Qd8e7
26.Re1e3 Qe7g7
27.Qh6h3 Qg7e7
28.Ra1d1 Rc8d8
29.Re3f3 Nb6d7
30.Rd1xd5 Nd7f6
31.Rd5xd8 Rf8xd8
32.Ng3h5 Rd8d1
33.Kh2 Rd1d7
34.g7 Nf6h7
35.Rf3g3 { resign }
1-0

[Event "Tourn. n8244"]
[Site "www.chess-mail.com"]
[Date "2015.07.20"]
[Round "1"]
[White "Gorgo"]
[Black "Terrible"]
[WhiteElo "2500"]
[BlackElo "2300"]
[Result "1-0"]
[Round "1"]
1.d4 d5
2.c4 e6
3.Ng1f3 Bf8e7
4.Nb1c3 Ng8f6
5.Bc1f4 Nf6h5
6.Bf4d2 Nh5f6
7.cxd5 exd5
8.e3 Nf6e4
9.Nc3xe4 dxe4
10.Nf3e5 Nb8d7
11.Ne5xd7 Bc8xd7
12.Qd1b3 b6
13.Bf1c4 f5
14.Bc4g8 Bd7c8
15.Qb3f7 Kd7
16.Qf7xf5 Ke8
17.Qf5f7 Kd7
18.Bg8xh7 { resign }
1-0

[Event "Tourn. n8244"]
[Site "www.chess-mail.com"]
[Date "2015.07.20"]
[Round "1"]
[White "Woodpusher2"]
[Black "Terrible"]
[WhiteElo "2610"]
[BlackElo "2300"]
[Result "1-0"]
[Round "1"]
1.e4 e5
2.Ng1f3 Nb8c6
3.Bf1b5 a6
4.Bb5a4 Ng8f6
5.O-O Bf8e7
6.Rf1e1 b5
7.Ba4b3 d6
8.c3 O-O
9.h3 Bc8b7
10.d4 Rf8e8
11.Nb1d2 Be7f8
12.a3 h6
13.Bb3c2 Nc6b8
14.b3 Nb8d7
15.Bc1b2 c5
16.d5 Nd7b6
17.a4 bxa4
18.bxa4 a5
19.Bc2d3 Bb7a6
20.Bd3xa6 Ra8xa6
21.c4 Qd8d7
22.Qd1c2 Re8b8
23.Bb2c3 Bf8e7
24.Re1b1 Be7d8
25.Rb1b5 Qd7a7
26.Nd2f1 Nb6d7
27.Ra1b1 Rb8xb5
28.cxb5 Ra6b6
29.Nf3d2 Rb6b8
30.Nd2c4 Bd8c7
31.Nf1e3 g6
32.Rb1f1 Nf6h5
33.Ne3g4 Kh7
34.Qc2d2 g5
35.Qd2d1 Nh5f6
36.Qd1f3 Kg7
37.Ng4e3 Kg6
38.Ne3f5 { resign }
1-0

[Event "Tourn. n8207"]
[Site "www.chess-mail.com"]
[Date "2015.07.20"]
[Round "1"]
[White "Culiflori"]
[Black "Kenji"]
[WhiteElo "999"]
[BlackElo "1099"]
[Result "0-1"]
[Round "1"]
1.e4 c5
2.Ng1f3 Ng8f6
3.Nb1c3 Nb8c6
4.Bf1b5 e5
5.Bb5xc6 dxc6
6.Nf3xe5 Nf6xe4
7.Qd1e2 Ne4xc3
8.dxc3 Bf8e7
9.Bc1f4 O-O
10.O-O Bc8e6
11.b3 Rf8e8
12.Rf1e1 Qd8a5
13.c4 Ra8d8
14.Qe2f3 Be7f6
15.a4 Be6f5
16.Ra1c1 h6
17.Ne5d3 Re8xe1
18.Nd3xe1 Rd8e8
19.Ne1d3 Qa5c3
20.Bf4xh6 Bf5xd3
21.Bh6f4 Re8e1
{ resign }
0-1

[Event "Tourn. n8112"]
[Site "www.chess-mail.com"]
[Date "2015.07.20"]
[Round "1"]
[White "F14"]
[Black "Colchester"]
[WhiteElo "1850"]
[BlackElo "1910"]
[Result "1-0"]
[Round "1"]
1.e4 d5
2.exd5 Ng8f6
3.Nb1c3 Nf6xd5
4.Nc3xd5 Qd8xd5
5.Ng1f3 Bc8g4
6.Bf1e2 Nb8c6
7.O-O e6
8.Rf1e1 O-O-O
9.d3 Bf8e7
10.Bc1e3 h6
11.Nf3d2 Bg4xe2
12.Qd1xe2 Nc6d4
13.Be3xd4 Qd5xd4
14.Nd2b3 Qd4d5
15.Ra1d1 g5
16.Qe2e5 Qd5xe5
17.Re1xe5 Be7f6
18.Re5b5 a6
19.Rb5b4 b6
20.c3 Rd8d5
21.Rb4e4 Rh8d8
22.d4 c5
23.f4 cxd4
24.cxd4 Kb7
25.fxg5 hxg5
26.Kf2 a5
27.Kf3 a4
28.Nb3c1 Rd5xd4
29.Re4xd4 Rd8xd4
30.Rd1xd4 Bf6xd4
31.b3 b5
32.Ke4 Bd4f6
33.bxa4 bxa4
34.h3 Kb6
35.Kd3 Kc5
36.a3 Bf6b2
37.Nc1a2 Bb2xa3
38.Na2c3 Kb4
39.Kc2 f5
40.g3 e5
41.Nc3a2 Kc4
42.Na2c3 e4
43.Nc3xa4 Ba3d6
44.h4 f4
45.gxf4 gxf4
46.Na4c3 Kd4
47.h5 f3
48.Nc3d1 e3
49.h6 f2
50.Nd1c3 f1Q
51.Nc3d5 Kxd5
52.h7 Bd6e5
{ time. }
1-0

[Event "Tourn. n8207"]
[Site "www.chess-mail.com"]
[Date "2015.07.20"]
[Round "1"]
[White "Farnation"]
[Black "Bjonil60"]
[WhiteElo "1050"]
[BlackElo "1280"]
[Result "1-0"]
[Round "1"]
1.e4 Nb8c6
2.d4 a6
3.d5 Nc6a7
4.e5 e6
5.dxe6 fxe6
6.Qd1f3 Ng8e7
7.Ng1h3 Ra8b8
8.Nh3g5 h6
9.Qf3f7 
1-0

[Event "Tourn. n8089"]
[Site "www.chess-mail.com"]
[Date "2015.07.20"]
[Round "1"]
[White "Numanoid"]
[Black "Emmanuelasi"]
[WhiteElo "2620"]
[BlackElo "2320"]
[Result "1/2-1/2"]
[Round "1"]
1.e4 Nb8c6
2.d4 e5
3.Ng1f3 exd4
4.Nf3xd4 Bf8c5
5.Nd4b3 Bc5b6
6.Nb1c3 d6
7.Qd1e2 Bc8e6
8.Bc1e3 Bb6xe3
9.Qe2xe3 Ng8f6
10.Bf1e2 O-O
11.O-O-O Qd8e7
12.Nb3d4 a6
13.Nd4xe6 Qe7xe6
14.Kb1 Rf8e8
15.Be2d3 Nc6b4
16.Rh1e1 b5
17.a3 Nb4xd3
18.Rd1xd3 Re8b8
19.Nc3d5 Nf6xd5
20.exd5 { draw }
1/2-1/2

[Event "Tourn. n8080"]
[Site "www.chess-mail.com"]
[Date "2015.07.20"]
[Round "1"]
[White "Falcoale"]
[Black "Guidom"]
[WhiteElo "1860"]
[BlackElo "2060"]
[Result "1/2-1/2"]
[Round "1"]
1.e4 e5
2.Ng1f3 Nb8c6
3.Bf1b5 a6
4.Bb5a4 Ng8f6
5.O-O d6
6.d3 Bf8e7
7.c3 O-O
8.Nb1d2 Bc8g4
9.h3 Bg4h5
10.Qd1e1 b5
11.Ba4c2 Nc6a7
12.Qe1e3 c5
13.Nf3h2 Na7c6
14.Nd2f3 Qd8d7
15.Nf3g5 h6
16.Ng5f3 Ra8d8
17.Nf3h4 Nf6h7
18.Nh4f5 Be7g5
19.Qe3e1 d5
20.Bc1xg5 Nh7xg5
21.f4 exf4
22.Rf1xf4 Bh5g6
23.Ra1d1 Bg6xf5
24.exf5 Rf8e8
25.Qe1f2 d4
26.Nh2f3 Ng5xf3
27.Qf2xf3 Re8e3
28.Qf3f1 f6
29.Rf4e4 Rd8e8
30.Re4xe8 Qd7xe8
31.Kf2 Qe8e5
32.Kg1 Re3e2
33.Bc2b3 Kh8
34.Qf1f3 Qe5e3
35.Qf3xe3 Re2xe3
36.Kf2 Nc6e5
37.cxd4 cxd4
38.Bb3c2 Kg8
39.Rd1e1 Ne5xd3
40.Bc2xd3 Re3xd3
41.Ke2 Rd3e3
42.Kd2 Re3e5
43.Re1xe5 fxe5
44.Kd3 Kf7
45.g4 Kf6
46.h4 g6
47.fxg6 Kxg6
48.Ke4 Kf6
49.Kd3 h5
50.g5 Kf5
51.b3 a5
52.Ke2 e4
53.Kd2 b4
54.Ke2 Ke5
55.Kd2 d3
56.Ke3 Kf5
57.Kd2 Ke6
58.Ke3 Ke5
59.Kd2 Kf5
{ draw }
1/2-1/2

[Event "Tourn. n8101"]
[Site "www.chess-mail.com"]
[Date "2015.07.20"]
[Round "1"]
[White "Knitwit"]
[Black "Swampcat"]
[WhiteElo "1339"]
[BlackElo "1230"]
[Result "0-1"]
[Round "1"]
1.e4 e6
2.Nb1a3 d5
3.Ng1f3 c5
4.Qd1e2 Bc8d7
5.d3 Nb8c6
6.Bc1g5 Bf8e7
7.Qe2e3 Be7xg5
8.Qe3e2 Bg5f4
9.Na3b5 Qd8b6
10.Nb5d6 Bf4xd6
11.g3 Qb6xb2
12.Qe2d1 Qb2c3
13.Nf3d2 Nc6d4
14.Bf1h3 Nd4xc2
15.Ke2 Nc2xa1
16.Qd1b1 b6
17.Rh1c1 Qc3e5
18.f4 Qe5h5
19.g4 Qh5xh3
20.Rc1h1 Qh3xg4
21.Nd2f3 Bd6xf4
22.Qb1xa1 f6
23.Rh1g1 Qg4h5
24.Qa1c3 Qh5xh2
25.Nf3xh2 Bf4xh2
26.Rg1g2 d4
27.Qc3c1 Bh2e5
28.a4 Bd7xa4
29.Qc1a3 Ba4d7
30.Rg2g4 g6
31.Kf3 Ng8h6
32.Rg4g2 Nh6f7
33.Rg2g4 Nf7g5
34.Kf2 a5
35.Kg2 O-O
36.Qa3c1 Rf8c8
37.Qc1h1 b5
38.Qh1h6 a4
39.Rg4h4 a3
40.Kf2 a2
41.Kg2 a1Q
42.Kf2 Ra8a2

0-1

[Event "Tourn. n8188"]
[Site "www.chess-mail.com"]
[Date "2015.07.20"]
[Round "1"]
[White "Syd"]
[Black "Hali"]
[WhiteElo "2180"]
[BlackElo "2190"]
[Result "0-1"]
[Round "1"]
1.e4 c5
2.Nb1c3 Nb8c6
3.f4 g6
4.Ng1f3 Bf8g7
5.Bf1b5 e6
6.O-O Ng8e7
7.d3 O-O
8.Bb5xc6 bxc6
9.Qd1e1 Ra8b8
10.b3 Bc8a6
11.Bc1d2 Qd8b6
12.Kh1 d6
13.Ra1d1 e5
14.fxe5 dxe5
15.Nc3a4 Qb6c7
16.Na4xc5 Ba6c8
17.Nc5a4 c5
18.Na4b2 Ne7c6
19.Nb2c4 Bc8g4
20.Qe1g3 Bg4h5
21.a4 Nc6d4
 { time }
0-1

[Event "Tourn. n8157"]
[Site "www.chess-mail.com"]
[Date "2015.07.20"]
[Round "1"]
[White "Wrightdjohn"]
[Black "Terrible"]
[WhiteElo "2160"]
[BlackElo "2280"]
[Result "0-1"]
[Round "1"]
1.e4 e5
2.Nb1c3 Ng8f6
3.f4 d5
4.fxe5 Nf6xe4
5.Ng1f3 Bf8e7
6.Qd1e2 Ne4xc3
7.dxc3 O-O
8.Bc1f4 c5
9.O-O-O Qd8a5
10.Kb1 Bc8e6
11.Nf3g5 Nb8c6
12.Qe2h5 Be7xg5
13.Qh5xg5 Qa5d8
14.Qg5g3 Kh8
15.h4 Nc6e7
16.h5 h6
17.Bf1d3 Qd8a5
18.Qg3h4 Ra8e8
19.Bf4xh6 f5
20.Bh6xg7 Kxg7
21.Qh4g5 Kh7
22.h6 Rf8g8
23.Qg5h5 d4
24.c4 b5
25.g4 bxc4
26.Bd3xf5 Ne7xf5
27.gxf5 Re8b8
28.fxe6 Rb8xb2
29.Kxb2 Rg8b8
30.Kc1 Qa5a3
31.Kd2 Qa3e3

0-1

[Event "Tourn. n8157"]
[Site "www.chess-mail.com"]
[Date "2015.07.20"]
[Round "1"]
[White "Terrible"]
[Black "Cardiff"]
[WhiteElo "2280"]
[BlackElo "2030"]
[Result "1-0"]
[Round "1"]
1.Ng1f3 d5
2.d4 c6
3.c4 dxc4
4.e3 b5
5.a4 e6
6.axb5 cxb5
7.b3 Bc8b7
8.bxc4 bxc4
9.Bf1xc4 Bf8d6
10.O-O Ng8f6
11.Bc1a3 Bd6xa3
12.Ra1xa3 O-O
13.Nb1d2 Nb8d7
14.Bc4a6 Qd8c7
15.Qd1a1 Bb7xf3
16.Nd2xf3 Nd7b6
17.Rf1c1 Qc7d7
18.Nf3e5 Qd7e7
19.Ra3c3 Nf6d5
20.Rc3c5 f6
21.Ne5d3 Qe7d6
22.Rc5c6 Qd6d7
23.e4 Nd5e7
24.Rc6c7 Qd7d6
25.Ba6b7 Ra8b8
26.Qa1xa7 Rf8e8
27.Bb7c6 Ne7xc6
{ time. }
1-0

[Event "Tourn. n8197"]
[Site "www.chess-mail.com"]
[Date "2015.07.20"]
[Round "1"]
[White "Colchester"]
[Black "Samael"]
[WhiteElo "2020"]
[BlackElo "2080"]
[Result "0-1"]
[Round "1"]
1.e4 e5
2.Ng1f3 d6
3.d4 exd4
4.Nf3xd4 Bf8e7
5.Nb1c3 Bc8d7
6.Bf1e2 Ng8f6
7.O-O O-O
8.Be2f3 Nb8c6
9.Nd4xc6 Bd7xc6
10.Nc3d5 Nf6xd5
11.exd5 Bc6d7
12.Rf1e1 Rf8e8
13.Bc1e3 h6
14.Be3d4 Be7f6
15.Re1xe8 Bd7xe8
16.Bd4xf6 { time. }
0-1

[Event "Tourn. n8101"]
[Site "www.chess-mail.com"]
[Date "2015.07.20"]
[Round "1"]
[White "Iko"]
[Black "Knitwit"]
[WhiteElo "1500"]
[BlackElo "1339"]
[Result "1-0"]
[Round "1"]
1.e4 e5
2.Ng1f3 Ng8e7
3.Nf3xe5 d6
4.Ne5c4 Bc8e6
5.Bf1d3 Nb8a6
6.Qd1f3 Qd8d7
7.e5 g5
8.Qf3xb7 Ra8b8
9.Qb7xa6 Be6d5
10.Qa6xa7 Rb8b4
11.exd6 cxd6
12.Qa7xd7 Kxd7
13.Nc4e3 Bf8g7
14.Ne3xd5 Rb4a4
15.Nd5xe7 Kxe7
16.O-O Rh8b8
17.Bd3xh7 Rb8h8
18.Rf1e1 Kf6
19.b3 Ra4a5
20.Bh7e4 Rh8h4
21.g3 Rh4g4
22.d3 Ke6
23.Be4f3 Kf5
24.Bf3xg4 Kf6
25.Bc1b2 Kg6
26.Bb2xg7 Kxg7
27.h4 Kf6
28.h5 d5
29.h6 Kg6
30.Re1e7 Kf6
31.h7 Kxe7
32.h8Q d4
33.Qh8xd4 f6
34.Qd4d7 Kf8
35.Bg4e6 Ra5a6
36.Qd7f7 
1-0

[Event "Tourn. n8205"]
[Site "www.chess-mail.com"]
[Date "2015.07.20"]
[Round "1"]
[White "Krystek23"]
[Black "Seger"]
[WhiteElo "2370"]
[BlackElo "2670"]
[Result "0-1"]
[Round "1"]
1.c4 e5
2.Nb1c3 c5
3.g3 d6
4.Bf1g2 Nb8c6
5.a3 Ng8f6
6.b4 Bc8e6
7.Nc3a4 cxb4
8.axb4 d5
9.b5 Nc6a5
10.cxd5 Nf6xd5
11.Na4c3 Nd5xc3
12.dxc3 Na5b3
13.Qd1xd8 Ra8xd8
14.Ra1b1 Nb3xc1
15.Rb1xc1 Bf8a3
16.Rc1d1 O-O
17.Bg2xb7 Ba3b2
18.Rd1b1 Bb2xc3
19.Kf1 Rd8b8
20.Bb7e4 f5
21.Be4c2 Kh8
22.Bc2a4 h6
23.Rb1c1 Rb8c8
24.Kg2 g5
25.Ng1f3 e4
26.Nf3e1 f4
27.h4 fxg3
28.fxg3 Kg7
29.hxg5 hxg5
30.e3 Rf8f6
31.Rc1c2 Rc8f8
32.Ba4b3 Be6xb3
33.Rc2xc3 Rf6f2
34.Kg1 Rf2f1
35.Kg2 Rf8f2
36.Kh3 Rf1xh1
37.Kg4 Bb3e6
38.Kxg5 Rf2f5
39.Kg4 Kf6
40.Rc3c6 Rf5g5
41.Kf4 Rg5g4
{ resign }
0-1

[Event "Tourn. n8142"]
[Site "www.chess-mail.com"]
[Date "2015.07.20"]
[Round "1"]
[White "Difficult"]
[Black "Faerieking"]
[WhiteElo "2090"]
[BlackElo "2140"]
[Result "1/2-1/2"]
[Round "1"]
1.c4 Ng8f6
2.d4 e6
3.Ng1f3 Bf8b4
4.Bc1d2 a5
5.g3 b6
6.Bf1g2 Bc8b7
7.O-O O-O
8.Nb1c3 Bb4xc3
9.Bd2xc3 Nf6e4
10.Qd1c2 Ne4xc3
11.Qc2xc3 Nb8a6
12.a3 c5
13.Rf1d1 Qd8c7
14.d5 exd5
15.cxd5 d6
16.e4 f6
17.Nf3h4 b5
18.Nh4f5 Ra8e8
19.Rd1e1 b4
20.Qc3c2 Bb7c8
21.g4 Bc8xf5
22.exf5 Na6b8
23.axb4 axb4
24.Re1e6 Nb8d7
25.Ra1e1 Re8xe6
26.dxe6 Nd7e5
27.h3 h6
28.f4 Ne5c6
29.Qc2c4 Nc6e7
{ draw }
1/2-1/2

[Event "Tourn. n8180"]
[Site "www.chess-mail.com"]
[Date "2015.07.20"]
[Round "1"]
[White "Tomcapp"]
[Black "Anja"]
[WhiteElo "1500"]
[BlackElo "1660"]
[Result "1-0"]
[Round "1"]
1.e4 Ng8f6
2.Bf1c4 Nf6xe4
3.Qd1f3 d5
4.Bc4d3 f5
5.b4 e5
6.Bd3xe4 dxe4
7.Qf3b3 Nb8c6
8.c3 Bf8d6
9.Ng1e2 Qd8e7
10.c4 Nc6xb4
11.Nb1c3 Nb4d3
12.Kd1 Nd3xf2
13.Kc2 Nf2xh1
14.Nc3d5 Qe7f7
15.Ne2g3 Nh1xg3
16.hxg3 O-O
17.d3 exd3
18.Qb3xd3 f4
19.g4 Bc8xg4
20.a4 Bg4f5
21.Qd3xf5 Qf7xf5
22.Kb3 Qf5d3
23.Nd5c3 a5
24.Bc1b2 Bd6b4
25.c5 Bb4xc3
26.Bb2xc3 Qd3d5
27.Kc2 Qd5xg2
28.Bc3d2 Rf8d8
29.Ra1d1 f3
30.c6 bxc6
31.Kc3  { time }
1-0